| 000 | 00749cam a22002533a 4500 | ||
|---|---|---|---|
| 001 | 17743 | ||
| 003 | PGUSA | ||
| 005 | 20140828083358.0 | ||
| 008 | 060210s2006||||xxu|||||s|||||000 1 eng d | ||
| 040 |
_aPGUSA _beng |
||
| 042 | _adc | ||
| 050 | 4 | _aPR | |
| 100 | 1 |
_aWilliamson, A. M. _q(Alice Muriel), _d1869-1933 |
|
| 245 | 1 | 0 |
_aRosemary : _bA Christmas story _h[electronic resource] / _cA. M. Williamson |
| 260 |
_bProject Gutenberg, _c2006 |
||
| 506 | _aPublic domain in the USA. | ||
| 516 | _aElectronic text | ||
| 653 | _aMonte-Carlo (Monaco) -- Fiction | ||
| 653 | _aChristmas stories | ||
| 700 | 1 |
_aHatherell, William, _d1855-1928 |
|
| 830 | 0 |
_aProject Gutenberg _v17743 |
|
| 856 | 4 | 0 | _uhttp://www.gutenberg.org/ebooks/17743 |
| 942 | _cEB | ||
| 999 |
_c246998 _d246998 |
||